00549nam a2200169Ia 4500003000400000008004100004040001600045082001900061100003500080245006000115260005500175300001000230490005400240650001900294650003000313650003600343GCL140319s9999 xx 000 0 ara d aGCL / cGCL04aطb796bا م1 aامين انور الخولى10aكرة الماء 21 / cامين انور الخولى a[S.N] : bدار الفكر العربى ، c1991 a32 ص aالمعرفة الرياضية للبراعمv004aالاطفال04aتعليم الاطفال04aالالعاب الرياضية